000 00773nam a2200241Ia 4500
003 OSt
005 20220926021002.0
006 a|||||r|||| 00| 0
007 ta
008 220923b |||||||| |||| 00| 0 eng d
020 _a354065853X
_c3078.34
037 _b7013/DM149.00, 27/04/2000, SBD
_cGeneral Book
040 _aRTL
_cRTL
_beng
041 _2eng
_aeng
082 _aX0gF, N9
100 _aFischer Manfred M. & others Ed.
_9325515
245 0 _aInnovation, Networks and Localities
260 _aNew York
_bSpringer-Verlag Berlin Heidelberg
_c1999
300 _axi,336p
_ccm.
650 _aNetwork theory
_9325516
942 _hX0gF, N9
_cGB
_2CC
999 _c635374
_d635374